01369nam a22002537a 4500003000500000005001700005008004100022040002300063041001400086082001200100100001700112245002700129250001900156260004200175300005900217490008400276500043100360650006100791700003000852700004300882942005600925999001900981952011501000322820250723093110.0250723b sa ||||| |||| 00| 0 eng d bEnglishc3228erda aAfrikaans aAF PALM a Palmer,Jose aTippie likes to romp / aFirst edition. aPretoria : bLAPA Publishers, c2020. a24 pages :b illustrations (chiefly colour) ; c21 cm. a Learn to read. Level 2 ; book 4 Palmer, Jose. Learn to read. Level 2 ; bk. 4. a"Grade 1+ Home language, Grade 2+ FAL"--Slipcase. 3rd impression also issued in slipcase with other titles in level 2 under title: Learn to read with Tippie the elephant, Level 2: book 1-10. "First edition 2020, Second print 2020, Third print 2021, Fourth print 2023"-- Title page verso. "Includes free additional printable activities when you scan the unique QR code inside!"-- Back cover. "Learn, play, read"-- Slipcase. aReaders (Primary) , Vocabularyv Juvenile works9195824 a Lombard,Reinette9188665 aMcDonald,Zinelda eillustrator9181507 2ddccBOOKw5815xPontsho Maokoy5815zPontsho Maoko c780828d780827 00102ddc40708FaKWAMLbSIYABLcCHILDd2025-07-23l0oAF PALMp33228031085518r2026-02-20w2025-07-23yBOOK